000 01086nam a2200241Ia 4500
999 _c53032
_d53032
001 20068
003 GE_BSU
005 20250417110530.0
008 181216s1988||||ge |||||||||||||| ||geo||
040 _cGE_BSU
041 _ageo
080 _a691(075.8) ბ-97
100 _aბურჭულაძე, შ. (შალვა)
_924854
245 _aსაშენი მასალები :
_b[სახელმძღვ. პოლიტექნ. ინ-ტის სამშ. ფაკ-ტის სტუდ.] /
_cშალვა ბურჭულაძე ; რედ. ვ. გოგსაძე.
264 _aთბილისი :
_bგანათლება,
_c1988.
300 _a287 გვ. :
_bილ. ;
_c21 სმ.
504 _aბიბლიოგრ. : გვ. 284
541 _h19 ლ.
653 _aსამშენებლო მასალები და ნაკეთობანი
653 _aსაშენი მასალები
700 _aგოგსაძე, ვ.
_eრედაქტორი
_924855
942 _cBK
_2udc